Essai sur l'origine de l'épopée française et sur son histoire au Moyen Age / (Record no. 155289)
[ view plain ]
| 000 -LEADER | |
|---|---|
| campo de control de longitud fija | 00831nam a22002175i 4500 |
| 001 - NÚMERO DE CONTROL | |
| campo de control | 155289 |
| 003 - IDENTIFICADOR DE NÚMERO DE CONTROL | |
| campo de control | ES-MaACL |
| 005 - FECHA Y HORA DE LA ÚLTIMA TRANSACCIÓN | |
| campo de control | 20250803063058.0 |
| 008 - DATOS DE LONGITUD FIJA--INFORMACIÓN GENERAL | |
| campo de control de longitud fija | 040719s1859 fr |||| | fre d |
| 040 ## - FUENTE DE CATALOGACIÓN | |
| Centro catalogador/agencia de origen | CAM |
| Lengua de catalogación | spa |
| Centro/agencia transcriptor | CAM |
| 080 ## - NÚMERO DE LA CLASIFICACIÓN DECIMAL UNIVERSAL | |
| Número de la Clasificación Decimal Universal | 821.133.1-13 |
| 100 1# - ENTRADA PRINCIPAL--NOMBRE DE PERSONA | |
| Nombre de persona | Héricault, Charles de Ricault d', |
| Fechas asociadas al nombre | 1823-1899 |
| Término indicativo de función/relación | Autor |
| 9 (RLIN) | 154452 |
| 245 10 - MENCIÓN DEL TÍTULO | |
| Título | Essai sur l'origine de l'épopée française et sur son histoire au Moyen Age / |
| Mención de responsabilidad, etc. | par Charles d'Héricault |
| 260 ## - PUBLICACIÓN, DISTRIBUCIÓN, ETC. | |
| Lugar de publicación, distribución, etc. | Paris : |
| Nombre del editor, distribuidor, etc. | A. Franck, |
| Fecha de publicación, distribución, etc. | 1859 |
| Fabricante | (Imp. Paul Dupont) |
| 300 ## - DESCRIPCIÓN FÍSICA | |
| Extensión | 75 páginas ; |
| Dimensiones | 22 cm |
| 650 #4 - PUNTO DE ACCESO ADICIONAL DE MATERIA--TÉRMINO DE MATERIA | |
| Término de materia o nombre geográfico como elemento de entrada | Poesía épica francesa- |
| Subdivisión general | Historia y crítica |
| 9 (RLIN) | 164998 |
| 852 ## - LOCALIZACIÓN | |
| Ubicación | ES-MaACL |
| Ubicación en estantería | Depósito folletos |
| Número de control de estantería | T-460-F-9 |
| Encuadernación | Enc. en un vol. facticio |
| -- | Holandesa, falto de cub. original |
| 942 ## - ELEMENTOS DE ENTRADA SECUNDARIOS (KOHA) | |
| Fuente del sistema de clasificación o colocación | Clasificación decimal universal |
| Tipo de ítem Koha | Folleto |
| Suprimir en OPAC | No |
| Estatus retirado | Estado de pérdida | Estado de daño | No para préstamo | Colección | Biblioteca de origen | Biblioteca actual | Ubicación en estantería | Fecha de adquisición | Total de préstamos | Signatura topográfica completa | Código de barras | Visto por última vez | Precio de reemplazo | Tipo de ítem Koha |
|---|---|---|---|---|---|---|---|---|---|---|---|---|---|---|
| Colección de folletos | Biblioteca del Ateneo de Madrid | Biblioteca del Ateneo de Madrid | Depósito folletos | 17/01/2008 | T-460-F-9 | 1162441 | 23/02/2023 | 23/02/2023 | Folleto |
